000
00329nam a2200133Ia 4500
005
20251222154323.0
008
251222s9999||||xx |||||||||||||| ||spa||
082
_a
621.483/M82
100
_a
Mollá Alacreu, Miguel
245
0
_a
Curso de Instalador de Gas IG-II
250
_a
1ra.ed.
264
_b
Instituto Inter
942
_c
LIB
999
_c
33853
_d
33853